000 00382nam a2200145Ia 4500
008 240624s9999 xx 000 0 und d
041 _aeng
082 _a651.7 FIT
100 _aFITZGERALD SUZANNE SPARKS
245 _aMANAGERS GUIDE TO BUSINESS WRITING
250 _a(2nd ed.)
260 _c2012
_aNew Delhi
_bTata McGraw-Hill
300 _a176 : p. : cm. ; 28
365 _cRS
_b33
999 _c25636
_d25636